| 000 | 00730nam a22001817a 4500 | ||
|---|---|---|---|
| 003 | CEME | ||
| 005 | 20210628203557.0 | ||
| 008 | 210317b xxu||||| |||| 00| 0 eng d | ||
| 020 | _a0-7106-1246-X | ||
| 040 | _c. | ||
| 082 | _a355-R JAN'B | ||
| 100 |
_aBlake, Bernard _961526 |
||
| 245 | _aJanes radar and electronic warfare system , 1995-96 | ||
| 250 | _a7TH | ||
| 260 |
_aUSA _bTHOMSON _c1995 |
||
| 650 |
_aBATTLEFIELD MISSILE CONTROL AND GROUND SURVEILLANCE RADAR SYSTEM NAVAL AND COASTAL SURVEILLANCE AND NAVIGATION RADARS IFF AND SECONDARY SURVRILLANCE RADAR SYSTEM SPACE BORNE RADAR SYSTEMS MILITARY ATC INSTRUMENTATION AND RANGING RADARS PASSIVE AIR DEFENCE SURVEILLANCE AND DETECTION SYSTEM _966348 |
||
| 942 |
_cBK _2ddc |
||
| 999 |
_c574326 _d574326 |
||